IFM Opac

Understanding the Entrepreneur. (Record no. 8347)

MARC details
000 -LEADER
fixed length control field 00552nam a2200193Ia 4500
003 - CONTROL NUMBER IDENTIFIER
control field OSt
005 - DATE AND TIME OF LATEST TRANSACTION
control field 20220830111156.0
008 - FIXED-LENGTH DATA ELEMENTS--GENERAL INFORMATION
fixed length control field 220830b |||||||| |||| 00| 0 eng d
020 ## - INTERNATIONAL STANDARD BOOK NUMBER
International Standard Book Number 0 7546 3344 6
040 ## - CATALOGING SOURCE
Transcribing agency IFM Library
082 ## - DEWEY DECIMAL CLASSIFICATION NUMBER
Classification number 338.04
100 ## - MAIN ENTRY--PERSONAL NAME
Personal name Kalantaridis, Christos.
9 (RLIN) 7708
245 ## - TITLE STATEMENT
Title Understanding the Entrepreneur.
260 ## - PUBLICATION, DISTRIBUTION, ETC.
Place of publication, distribution, etc. England:
Name of publisher, distributor, etc. Ashgate,
Date of publication, distribution, etc. 2004.
300 ## - PHYSICAL DESCRIPTION
Extent ix, 160p.:
Other physical details ill.; 24cm.
500 ## - GENERAL NOTE
General note Includes Bibliographical Reference and Index.
650 ## - SUBJECT ADDED ENTRY--TOPICAL TERM
Topical term or geographic name entry element EntrepreneurshipBusiness people
9 (RLIN) 7709
942 ## - ADDED ENTRY ELEMENTS (KOHA)
Koha item type Books
Source of classification or shelving scheme Dewey Decimal Classification
Suppress in OPAC No

No items available.